|
|
|
|
| LEADER |
01201nam a2200265 a 4500 |
| 001 |
3380227 |
| 008 |
100126s1986ii bb f000 0 eng d |
| 010 |
|
|
|a 87906916
|
| 040 |
|
|
|a DLC
|c DLC
|d DLC
|d BD-DhAAL
|
| 082 |
0 |
0 |
|a 307.1/412/095492
|
| 999 |
|
|
|c 7241
|d 7241
|
| 999 |
|
|
|c 7241
|
| 100 |
1 |
|
|a Schaffer, Teresita C.
|9 1569
|
| 245 |
1 |
0 |
|a Survey of development projects and activities for women in Bangladesh /
|c Teresita C. Schaffer.
|
| 260 |
|
|
|a Dhaka :
|b U.S. Agency for International Development,
|c 1986.
|
| 300 |
|
|
|a 118 p. ;
|c 27 cm.
|
| 500 |
|
|
|a Master microform held by: DLC.
|
| 504 |
|
|
|a Includes Bibliography (p. [64]-65.)
|
| 541 |
1 |
|
|e 00002994
|
| 650 |
|
0 |
|a Rural development projects
|z Bangladesh.
|9 1570
|
| 650 |
|
0 |
|a Women in rural development
|z Bangladesh.
|9 1571
|
| 852 |
4 |
|
|a Ayesha Abed Library
|j General shelf
|
| 942 |
|
|
|2 ddc
|c BK
|
| 952 |
|
|
|0 0
|1 0
|2 ddc
|4 0
|6 307_141209549200000_SCH_1986
|7 0
|9 7549
|a BRACUL
|b BRACUL
|c GEN
|d 2010-01-28
|g 0.00
|l 0
|o 307.1412095492 SCH
|p 3010002994
|r 2010-01-28
|t 1
|w 2010-01-28
|y BK
|z Not price in Register
|
| 952 |
|
|
|0 0
|1 0
|2 ddc
|4 0
|6 307_141209549200000_SCH_1986
|7 0
|9 17859
|a BRACUL
|b BRACUL
|c GEN
|d 2011-08-17
|g 0.00
|l 0
|o 307.1412095492 SCH
|p 3010002993
|r 2011-08-17
|t 2
|w 2011-08-17
|y BK
|